书目信息 |
| 题名: |
世界景园
|
|
| 作者: | 薛健, 著 | |
| 分册: | ||
| 出版信息: | 北京 中国建筑工业出版社 2003.12 |
|
| 页数: | 207页 | |
| 开本: | 29cm | |
| 丛书名: | 世界园林、建筑与景观丛书 | |
| 单 册: | ||
| 中图分类: | TU986.61-64 | |
| 科图分类: | ||
| 主题词: | 景观--jing guan--园林设计--世界--图集 | |
| 电子资源: | ||
| ISBN: | 7-112-05184-3 | |
| 000 | 00809nam 2200253 450 | |
| 001 | CAL 012004036766 | |
| 005 | 20050329104835.2 | |
| 010 | @a7-112-05184-3@b精装@d132.00CNY | |
| 099 | @aCAL 012004036766 | |
| 100 | @a20040413d2003 ekmy0chiy0121 ea | |
| 101 | 0 | @achi |
| 102 | @aCN@b110000 | |
| 105 | @aac z 000yy | |
| 200 | 1 | @a世界景园@AShi jie Jing Yuan@f薛健著 |
| 210 | @a北京@c中国建筑工业出版社@d2003.12 | |
| 215 | @a207页@c彩图, 肖像@d29cm | |
| 225 | 0 | @a世界园林、建筑与景观丛书@Ashi jie yuan lin、 jian zhu yu jing guan cong shu |
| 410 | 0 | @12001 @a世界园林建筑与景观丛书 |
| 606 | 0 | @a景观@Ajing guan@x园林设计@y世界@j图集 |
| 690 | @aTU986.61-64@v4 | |
| 701 | 0 | @a薛健,@Axue jian@f1960-@4著 |
| 801 | 0 | @aCN@bPUL@c20040414 |
| 905 | @a10447@dTU986.61-64@eX953 | |
| 906 | @dCNY132.00@n0@r1 | |
| 世界景园/薛健著.-北京:中国建筑工业出版社,2003.12 |
| 207页:彩图, 肖像;29cm.-(世界园林、建筑与景观丛书) |
| ISBN 7-112-05184-3(精装):132.00CNY |
| ● |
| 相关链接 |
|
|
|
正题名:世界景园
索取号:TU986.61-64/X953
 
预约/预借
| 序号 | 登录号 | 条形码 | 馆藏地/架位号 | 状态 | 备注 |
| 1 | 551972 | 205519722 | 建筑库201/201建筑库 119排1列3层/ [索取号:TU986.61-64/X953] | 在馆 |